000 00733cab a2200229 4500
001 WB2738-02
008 090401t1991 xxu||||| |||| 00| 0 eng d
035 _a(Sirsi) u1421
041 _aeng
245 _aBuilders seek extra work from councils
260 _c1991
350 _a0
490 _aFinancial Times
_v30 September 1991, 11(1)
520 _aConstruction industry leaders are asking the Prime Minister to ease restrictions inhibiting local authorities from spending the proceeds from council house sales on new construction.
650 _aCOUNCIL HOUSE SALES
650 _aLOCAL AUTHORITIES
650 _aNEW CONSTRUCTION
690 _aBUILT ENVIRONMENT
690 _aHOUSING
942 _n0
948 _c04/03/1997
999 _c786
_d786